000 00649nam a2200229 a 4500
001 18949
003 CO-ViMGA
008 141112s2004 ck r 000 u spa d
020 _a9681663780
040 _aCO-ViMGA
_bspa
_cCO-ViMGA
082 0 4 _a611.8 A732u
100 1 _aArechuga, Hugo
_927077
245 1 0 _aEl Universo interior - Ciencia para todos
260 _aMexico :
_bFondo de Cultura Económica; 2001
300 _a280 p.
490 _aLa Ciencia para todos; 182
590 _aForma de adquisición : compra 2005 - - Precio : 20.700
650 1 4 _aCEREBRO
650 1 4 _aNEUROBIOLOGIA
_927078
650 1 4 _aNEUROLOGIA
942 _2ddc
_cBK
999 _c28142
_d28142